[Event "GER-chT Christmas U16 Lasker"]
[Site "Playchess.com INT"]
[Date "2020.12.28"]
[Round "6.2"]
[White "Wusterack, Paul"]
[Black "Haufe, Laurin"]
[Result "0-1"]
[WhiteElo "1649"]
[BlackElo "2052"]
[PlyCount "111"]
[EventDate "2020.12.28"]
[EventType "team-swiss (blitz)"]
[EventRounds "7"]
[EventCountry "GER"]
[SourceTitle "CBM 200 Extra"]
[Source "ChessBase"]
[SourceDate "2021.03.31"]
[SourceVersion "1"]
[SourceVersionDate "2021.03.31"]
[SourceQuality "1"]
[WhiteTeam "Lueneburg Turm"]
[BlackTeam "Leipzig SG"]
[WhiteTeamCountry "GER"]
[BlackTeamCountry "GER"]

1. e4 c5 2. Nf3 d6 3. d4 cxd4 4. Nxd4 Nf6 5. Nc3 a6 6. Be3 e5 7. Nb3 Be7 8. f3 0-0 9. Be2 Be6 10. 0-0 Nbd7 11. Qd2 b5 12. Rad1 Nb6 13. Nc1 b4 14. Nb1 a5 15. c3 Nc4 16. Bxc4 Bxc4 17. Rfe1 d5 18. exd5 Nxd5 19. Bf2 Bg5 20. Qc2 Bxc1 21. Qxc1 Bxa2 22. cxb4 axb4 23. Rxe5 f6 24. Re2 Qa5 25. Qc5 Qxc5 26. Bxc5 Rfc8 27. Bf2 Bb3 28. Rde1 Nf4 29. Rd2 Ra1 30. g3 Nh3+ 31. Kg2 Nxf2 32. Kxf2 Ba2 33. Rdd1 Rc2+ 34. Rd2 Rc8 35. Rdd1 Kf7 36. Rd7+ Kg6 37. Nd2 Rxe1 38. Kxe1 Rc2 39. b3 Rc3 40. Rb7 Bxb3 41. Rxb4 Bd5 42. f4 Bc6 43. Rc4 Re3+ 44. Kf2 Rd3 45. Ne4 Bd5 46. Rb4 Kf5 47. Nd6+ Kg4 48. f5+ Kg5 49. h4+ Kh5 50. Ne4 Rb3 51. Rxb3 Bxb3 52. Kf3 Bd5 53. Kg2 Bxe4+ 54. Kh3 Bxf5+ 55. g4+ Bxg4+ 56. Kg3 0-1

[Event "GER-chT School WK 3"]
[Site "Playchess.com INT"]
[Date "2020.06.15"]
[Round "3.2"]
[White "Fuhrmann, Barne"]
[Black "Wusterack, Paul"]
[Result "1/2-1/2"]
[WhiteElo "1620"]
[BlackElo "1547"]
[PlyCount "84"]
[EventDate "2020.06.15"]
[EventType "team-swiss (blitz)"]
[EventRounds "5"]
[EventCountry "GER"]
[SourceTitle "EXT 2021"]
[Source "ChessBase"]
[SourceDate "2020.10.23"]
[SourceVersion "1"]
[SourceVersionDate "2020.10.23"]
[SourceQuality "1"]
[WhiteTeam "Hamburg Buckhorn Gymn"]
[BlackTeam "Lueneburg W Rabe"]
[WhiteTeamCountry "GER"]
[BlackTeamCountry "GER"]

1. e4 d5 2. exd5 Nf6 3. d4 Nxd5 4. Nf3 g6 5. Bc4 c6 6. 0-0 Bg7 7. Re1 0-0 8. Nc3 Re8 9. Nxd5 cxd5 10. Bb3 Nc6 11. c3 Bf5 12. Nh4 Bc8 13. Nf3 Bf5 14. Bf4 e6 15. Qd2 b5 16. Bh6 Na5 17. Bxg7 Kxg7 18. Bc2 Nc4 19. Qc1 Bxc2 20. Qxc2 a6 21. b3 Nd6 22. Ne5 f6 23. Nd3 e5 24. dxe5 fxe5 25. Nxe5 Ne4 26. Nd3 Qf6 27. c4 Rac8 28. c5 Re7 29. b4 Rce8 30. Rac1 d4 31. f3 Nc3 32. Rxe7+ Rxe7 33. Re1 Rxe1+ 34. Nxe1 Qe5 35. Nd3 Qe3+ 36. Kf1 Qh6 37. Qc1 Qxh2 38. Kf2 Qh4+ 39. Kf1 Qh1+ 40. Kf2 Qh4+ 41. Kf1 Qh1+ 42. Kf2 Qh4+ 1/2-1/2

[Event "Lueneburg distr-ch U14/16/18"]
[Site "Muenster"]
[Date "2019.10.16"]
[Round "7"]
[White "Baum, Ferdinand"]
[Black "Wusterack, Paul"]
[Result "1/2-1/2"]
[WhiteElo "1158"]
[BlackElo "1549"]
[PlyCount "35"]
[EventDate "2019.10.14"]
[EventType "swiss"]
[EventRounds "7"]
[EventCountry "GER"]
[SourceTitle "EXT 2023"]
[Source "ChessBase"]
[SourceDate "2022.10.05"]
[SourceVersion "1"]
[SourceVersionDate "2022.10.05"]
[SourceQuality "1"]

1. e4 e6 2. d4 d5 3. exd5 exd5 4. Nf3 Nf6 5. Nc3 Be7 6. Be2 0-0 7. 0-0 Bf5 8. Bf4 c6 9. Re1 Nbd7 10. Bd3 Bxd3 11. Qxd3 Re8 12. Ne5 Nf8 13. Nf3 Ne6 14. Bd2 Qc7 15. Ne2 Ne4 16. Be3 Rad8 17. Rac1 Nd6 18. Nf4 1/2-1/2

[Event "Harburg-chC 14th"]
[Site "Hamburg"]
[Date "2019.07.28"]
[Round "4.3"]
[White "Wusterack, Paul"]
[Black "Floren, Dieter"]
[Result "1/2-1/2"]
[WhiteElo "1539"]
[BlackElo "1713"]
[PlyCount "97"]
[EventDate "2019.07.26"]
[EventType "tourn"]
[EventRounds "5"]
[EventCountry "GER"]
[SourceTitle "EXT 2020"]
[Source "ChessBase"]
[SourceDate "2019.10.17"]
[SourceVersion "1"]
[SourceVersionDate "2019.10.17"]
[SourceQuality "1"]

1. d4 g6 2. Bf4 Bg7 3. e3 d6 4. Nf3 Nd7 5. c3 e5 6. dxe5 dxe5 7. Bg3 c6 8. Be2 Nh6 9. Nbd2 Nf5 10. e4 Nxg3 11. hxg3 Nb6 12. Qc2 Be6 13. 0-0-0 Qe7 14. Nb3 a5 15. c4 a4 16. Nbd2 Nd7 17. a3 Nc5 18. Ne1 0-0 19. Nd3 Rfc8 20. Rdf1 b5 21. Kd1 Nb3 22. Ke1 Nd4 23. Qc1 bxc4 24. Nxc4 Rd8 25. Ndxe5 Bxc4 26. Nxc4 Qxe4 27. Ne3 Nxe2 28. Kxe2 Qd3+ 29. Kf3 Qb5 30. Qc4 Qxb2 31. Qxc6 Qe5 32. Rh4 Rdc8 33. Qe4 Qxe4+ 34. Rxe4 Rc3 35. Rd1 Rxa3 36. Rd7 Rf8 37. Ra7 Rd8 38. Rexa4 Rxa4 39. Rxa4 h5 40. Rc4 Kf8 41. Re4 f5 42. Re6 Kf7 43. Rc6 Rd2 44. Rc7+ Kf6 45. Rc6+ Kg5 46. Nc4 Ra2 47. Ne3 Bd4 48. Re6 Rd2 49. Rc6 1/2-1/2

[Event "Harburg-chC 14th"]
[Site "Hamburg"]
[Date "2019.07.27"]
[Round "3.1"]
[White "Wusterack, Paul"]
[Black "Quitzau, Lukas"]
[Result "0-1"]
[WhiteElo "1539"]
[BlackElo "1714"]
[PlyCount "99"]
[EventDate "2019.07.26"]
[EventType "tourn"]
[EventRounds "5"]
[EventCountry "GER"]
[SourceTitle "EXT 2020"]
[Source "ChessBase"]
[SourceDate "2019.10.17"]
[SourceVersion "1"]
[SourceVersionDate "2019.10.17"]
[SourceQuality "1"]

1. d4 Nf6 2. c3 d6 3. e3 Nbd7 4. Bd3 e5 5. Nd2 Be7 6. f4 0-0 7. Ngf3 exf4 8. exf4 Re8 9. 0-0 a5 10. Re1 Nf8 11. Ne4 Bg4 12. h3 Bd7 13. Bd2 Qc8 14. Nxf6+ Bxf6 15. Rxe8 Bxe8 16. Qe2 Bc6 17. Re1 a4 18. Ng5 h6 19. Ne4 Bh4 20. Rf1 Qd7 21. Qh5 Bxe4 22. Bxe4 Qe7 23. Qf3 c6 24. d5 c5 25. g3 Bf6 26. Re1 Qc7 27. g4 g6 28. g5 Bg7 29. f5 hxg5 30. Bxg5 f6 31. Be3 g5 32. Qh5 Qf7 33. Qxf7+ Kxf7 34. Bf3 Nd7 35. Bh5+ Kf8 36. Bf2 Ne5 37. Bg3 Ke7 38. h4 gxh4 39. Bxh4 Rh8 40. Bxf6+ Kxf6 41. Bd1 Rh4 42. Kg2 Bh6 43. Kg3 Bg5 44. Rf1 b5 45. Be2 c4 46. Bf3 Rf4 47. Be2 Rxf1 48. Bxf1 Nd3 49. b3 cxb3 50. axb3 0-1

[Event "GER-chT U12"]
[Site "Magdeburg"]
[Date "2017.12.30"]
[Round "7.2"]
[White "Wusterack, Paul"]
[Black "Phan Trong, Dai"]
[Result "0-1"]
[WhiteElo "1432"]
[BlackElo "1489"]
[PlyCount "96"]
[EventDate "2017.12.26"]
[EventType "team-swiss"]
[EventRounds "7"]
[EventCountry "GER"]
[SourceTitle "CBM 182 Extra"]
[Source "ChessBase"]
[SourceDate "2018.02.23"]
[SourceVersion "1"]
[SourceVersionDate "2018.02.23"]
[SourceQuality "1"]
[WhiteTeam "Lueneburg Turm"]
[BlackTeam "Dresden Leuben"]
[WhiteTeamCountry "GER"]
[BlackTeamCountry "GER"]

1. d4 d5 2. Bf4 Bf5 3. e3 e6 4. Nf3 Nf6 5. c4 c5 6. Nc3 Qb6 7. Nb5 Na6 8. a3 Be7 9. Nh4 Bg6 10. Nxg6 hxg6 11. Rb1 0-0 12. Nc3 Rfd8 13. cxd5 Nxd5 14. Bxa6 bxa6 15. Nxd5 Rxd5 16. Qc2 cxd4 17. exd4 Qxd4 18. Be3 Qg4 19. 0-0 Rh5 20. Qd1 Qe4 21. Qd4 Qxd4 22. Bxd4 Rd5 23. Be3 Bc5 24. Bxc5 Rxc5 25. g3 Rb8 26. b4 Rcb5 27. Rfc1 a5 28. Rc7 axb4 29. Rxa7 bxa3 30. Rxb5 Rxb5 31. Rxa3 f6 32. Ra8+ Kh7 33. h4 g5 34. h5 g4 35. Ra4 Rg5 36. Re4 e5 37. f3 gxf3 38. g4 g6 39. hxg6+ Kxg6 40. Kf2 f5 41. Rxe5 fxg4 42. Re3 Rf5 43. Kf1 Kg5 44. Kf2 Kf4 45. Re1 g3+ 46. Kf1 Rh5 47. Kg1 f2+ 48. Kg2 Rh2+ 0-1

[Event "Lueneburg distr-ch U14"]
[Site "Lueneburg"]
[Date "2017.10.10"]
[Round "3"]
[White "Baum, Ferdinand"]
[Black "Wusterack, Paul"]
[Result "0-1"]
[WhiteElo "999"]
[BlackElo "1394"]
[PlyCount "43"]
[EventDate "2017.10.09"]
[EventType "swiss"]
[EventRounds "7"]
[EventCountry "GER"]
[SourceTitle "EXT 2019"]
[Source "ChessBase"]
[SourceDate "2018.10.10"]
[SourceVersion "1"]
[SourceVersionDate "2018.10.10"]
[SourceQuality "1"]

1. e4 e5 2. Nf3 Nc6 3. Bc4 Bc5 4. Nc3 Nf6 5. d3 h6 6. 0-0 d6 7. Qe2 Bg4 8. Be3 Nd4 9. Bxd4 Bxd4 10. h3 Bxc3 11. bxc3 Bd7 12. d4 Qe7 13. Bd3 0-0 14. Rfe1 Nh5 15. Qd2 Nf4 16. Bc4 Be6 17. Bf1 f6 18. Nh4 f5 19. Nxf5 Bxf5 20. exf5 Rxf5 21. dxe5 Qg5 22. Bc4+ 0-1